000 00342nam a2200109Ia 4500
008 200302s9999 xx 000 0 und d
100 _aRichard Kastner & others
245 _aAvoiding Damage Caused By Soil-Structure Interaction : Lessons Learnt From Case Histories
260 _bThomas Telford Publishing London
260 _c2003
300 _a77
999 _c4576
_d4576